Les marchés du travail domestique au Sénégal (notice n° 2224241)

détails MARC
000 -LEADER
fixed length control field 01884cam a2200169 4500500
005 - DATE AND TIME OF LATEST TRANSACTION
control field 20260426012538.0
041 ## - LANGUAGE CODE
Language code of text/sound track or separate title fre
042 ## - AUTHENTICATION CODE
Authentication code dc
100 10 - MAIN ENTRY--PERSONAL NAME
Personal name Gassama, Absa
Relator term author
245 00 - TITLE STATEMENT
Title Les marchés du travail domestique au Sénégal
260 ## - PUBLICATION, DISTRIBUTION, ETC.
Date of publication, distribution, etc. 2005.<br/>
500 ## - GENERAL NOTE
General note 95
520 ## - SUMMARY, ETC.
Summary, etc. Les marchés du travail domestique sénégalais se construisent essentiellement en dehors des formes de régulation officielles, mais, en les observant, nous pouvons distinguer les régularités qui les régissent. Ainsi, nous avons pu remarquer que le groupe professionnel précaire des travailleuses domestiques est constitué de plusieurs segments caractérisés par le niveau de qualification et de salaire qu’il induit. Les segments aux niveaux de qualification les plus faibles connaissent les plus bas salaires et sont majoritaires dans les marchés les plus ouverts et les plus instables. Les segments avec un haut niveau de qualification sont les plus nombreux dans les marchés les plus fermés et les plus stables.
520 ## - SUMMARY, ETC.
Summary, etc. The markets and the Senegalese domestic work The markets of the Senegalese domestic work construct themselves essentially outside of the official forms of regulation but while observing them, we can distinguish the regularities that govern them. Thus, we were able to notice that the precarious professional group of the domestic workers is constituted of several segments characterized by the qualification level and of salary induce. The segments with a low qualification level have the lowest salaries and they are in the most open and unstable markets. The segments with a high qualification level are in the most numerous, in the closest and most stable markets.
786 0# - DATA SOURCE ENTRY
Note Innovations | 22 | 2 | 2005-09-01 | p. 171-184 | 1267-4982
856 41 - ELECTRONIC LOCATION AND ACCESS
Uniform Resource Identifier <a href="https://shs.cairn.info/revue-innovations-2005-2-page-171?lang=fr&redirect-ssocas=7080">https://shs.cairn.info/revue-innovations-2005-2-page-171?lang=fr&redirect-ssocas=7080</a>

Pas d'exemplaire disponible.

PLUDOC

PLUDOC est la plateforme unique et centralisée de gestion des bibliothèques physiques et numériques de Guinée administré par le CEDUST. Elle est la plus grande base de données de ressources documentaires pour les Étudiants, Enseignants chercheurs et Chercheurs de Guinée.

Adresse

627 919 101/664 919 101

25 boulevard du commerce
Kaloum, Conakry, Guinée

Réseaux sociaux

Powered by Netsen Group @ 2025